Atmospheric Temperature Profiles of the Northern Hemisphere: A Compendium of Data / (Record no. 616605)

000 -LEADER
fixed length control field 00527nam a22001697a 4500
003 - CONTROL NUMBER IDENTIFIER
control field NUST
005 - DATE AND TIME OF LATEST TRANSACTION
control field 20260311142104.0
020 ## - INTERNATIONAL STANDARD BOOK NUMBER
International Standard Book Number 978-9400740297
082 ## - DEWEY DECIMAL CLASSIFICATION NUMBER
Classification number 551.5
Author Mark YEE
100 ## - MAIN ENTRY--PERSONAL NAME
Personal name Young Yee, Kueyson Y. Yee, Erik Y. Yee.
9 (RLIN) 133645
245 ## - TITLE STATEMENT
Title Atmospheric Temperature Profiles of the Northern Hemisphere: A Compendium of Data /
Statement of responsibility, etc. Young Yee, Kueyson Y. Yee, Erik Y. Yee.
250 ## - EDITION STATEMENT
Edition statement 2012th Edition
260 ## - PUBLICATION, DISTRIBUTION, ETC.
Place of publication, distribution, etc. London:
Name of publisher, distributor, etc. Springer,
Date of publication, distribution, etc. 2012.
300 ## - PHYSICAL DESCRIPTION
Extent 314 p ;
Dimensions 35.5 cm
563 ## - BINDING INFORMATION
Binding note Hardcover
942 ## - ADDED ENTRY ELEMENTS (KOHA)
Source of classification or shelving scheme
Koha item type Book
Holdings
Withdrawn status Lost status Source of classification or shelving scheme Damaged status Not for loan Permanent Location Current Location Date acquired Total Checkouts Full call number Barcode Date last seen Price effective from Koha item type
          Institute of Geographical Information Systems (IGIS) Institute of Geographical Information Systems (IGIS) 03/11/2026   551.5 YEE IGIS-1160 03/11/2026 03/11/2026 Book
          Institute of Geographical Information Systems (IGIS) Institute of Geographical Information Systems (IGIS) 03/11/2026   551.5 YEE IGIS-1166 03/11/2026 03/11/2026 Book
© 2023 Central Library, National University of Sciences and Technology. All Rights Reserved.